Diccionario manual alemán-español

Guardado en:
Detalles Bibliográficos
Autor principal: Martínez Amador, Emilio María (autor)
Formato: Libro
Lenguaje:español
Publicado: Barcelona Hymsa 1980
Colección:Diccionarios Cuyas
Materias:
Etiquetas: Agregar Etiqueta
Sin Etiquetas, Sea el primero en etiquetar este registro!

MARC

LEADER 00000nam a2200000 a 4500
001 UCX2478
003 CL-VaPUC
008 910520e19800000SP |||||||||||||||||spa|d
020 |a 8471830027 
082 0 4 |a 433.61  |b MAR  |2 21 
100 |a Martínez Amador, Emilio María  |e autor  |9 557086 
245 1 0 |a Diccionario manual alemán-español 
300 |a 467 p 
942 |c BK 
945 |d 19910520 00:00:00 
260 |a Barcelona  |b Hymsa  |c 1980 
650 7 |a DICCIONARIOS ALEMAN-ESPAÑOL  |2 CL-VaPUC  |9 318418 
650 7 |a DICCIONARIOS ESPAÑOL-ALEMAN  |2 CL-VaPUC  |9 318419 
583 |a last modification  |c 19910520 00:00:00  |k Rodrigo Vera 
490 0 |a Diccionarios Cuyas 
999 |c 223489  |d 223487 
952 |0 0  |1 0  |4 0  |6 433_610000000000000_MAR_1980  |7 0  |8 F  |9 219351  |a BIBTEO  |b BIBTEO  |d 2019-11-15  |i 2880946  |o 433.61 MAR 1980  |p 2880946  |r 2025-01-17  |w 2019-11-15  |y BK_F  |k ICR 
952 |0 0  |1 0  |4 0  |6 433_610000000000000_MAR_1980  |7 0  |8 X  |9 219352  |a BIBHIS  |b BIBHIS  |d 2019-11-15  |i 286598K  |o 433.61 MAR 1980  |p 286598K  |r 2024-01-30  |w 2019-11-15  |y BK_X  |k HIS